[Event "Minsk Bronstein Memorial op"]
[Site "Minsk"]
[Date "2020.02.22"]
[Round "2"]
[White "Matskevich, Maksim"]
[Black "Trifonov, Denis"]
[Result "0-1"]
[WhiteElo "1888"]
[BlackElo "2191"]
[PlyCount "156"]
[EventDate "2020.02.22"]
[EventType "swiss (rapid)"]
[EventRounds "10"]
[EventCountry "BLR"]
[SourceTitle "CBM 195 Extra"]
[Source "ChessBase"]
[SourceDate "2020.05.31"]
[SourceVersion "1"]
[SourceVersionDate "2020.05.31"]
[SourceQuality "1"]

1. c4 c6 2. Nf3 d5 3. b3 Nf6 4. g3 g6 5. Bg2 Bg7 6. Bb2 0-0 7. 0-0 a6 8. d4 Ne4 9. Nc3 Bf5 10. e3 Nxc3 11. Bxc3 Be4 12. Ne5 Bxg2 13. Kxg2 Nd7 14. cxd5 cxd5 15. Nd3 Re8 16. Qd2 Nf6 17. Rac1 Ne4 18. Qe2 Rc8 19. Bb2 Qa5 20. a3 Qb5 21. b4 b6 22. Rc2 Nd6 23. Rfc1 Nc4 24. Rc3 Rcd8 25. Qc2 Qd7 26. Ba1 h5 27. Nb2 b5 28. h4 Rb8 29. Nd3 Rb6 30. Nc5 Qg4 31. Qd1 Qc8 32. Rd3 Rd8 33. Rc2 Rc6 34. Bb2 Qc7 35. Bc1 a5 36. Bd2 a4 37. Bc1 Qc8 38. Re2 Qf5 39. f3 Qc8 40. e4 dxe4 41. fxe4 e6 42. e5 Rd5 43. Rf2 Rc7 44. Qf3 Qa8 45. Bf4 Rd8 46. Qxa8 Rxa8 47. Ne4 Rd7 48. Bg5 Nxe5 49. Rdd2 Ng4 50. Nc5 Rxd4 51. Rxd4 Bxd4 52. Rd2 e5 53. Ne4 Rc8 54. Be7 Kg7 55. Bc5 Bxc5 56. Nxc5 Rc7 57. Rd6 Ne3+ 58. Kf3 Nc4 59. Rd3 Re7 60. Rc3 f5 61. Nxa4 Nxa3 62. Rxa3 Ra7 63. Ra2 bxa4 64. b5 Kf6 65. b6 Rb7 66. Rxa4 Rxb6 67. Ra3 g5 68. Rc3 g4+ 69. Ke3 Ke6 70. Ra3 Rc6 71. Rb3 Rc1 72. Rb6+ Kd5 73. Rb5+ Rc5 74. Rb3 Ra5 75. Rd3+ Kc4 76. Rd8 Ra3+ 77. Kf2 Rf3+ 78. Kg2 e4 0-1

[Event "Agneaux St Lo U16 op 17th"]
[Site "Agneaux"]
[Date "2016.07.11"]
[Round "6.4"]
[White "Matskevich, Maksim"]
[Black "Damen, Jip"]
[Result "0-1"]
[WhiteElo "1646"]
[BlackElo "1742"]
[PlyCount "138"]
[EventDate "2016.07.??"]
[EventType "swiss"]
[EventRounds "9"]
[EventCountry "FRA"]
[SourceTitle "EXT 2024"]
[Source "ChessBase"]
[SourceDate "2023.10.10"]
[SourceVersion "1"]
[SourceVersionDate "2023.10.10"]
[SourceQuality "1"]

1. d4 d6 2. Bf4 g6 3. Nf3 Bg7 4. e3 c5 5. c3 cxd4 6. exd4 Nf6 7. Bd3 Nc6 8. 0-0 0-0 9. h3 Nd5 10. Bh2 e5 11. Be4 Nde7 12. Bxc6 Nxc6 13. Re1 exd4 14. cxd4 Qb6 15. Bxd6 Rd8 16. Ba3 Nxd4 17. Nc3 Bf5 18. Nxd4 Bxd4 19. Qf3 Qa5 20. Ne4 Re8 21. g4 Bxe4 22. Rxe4 Qd2 23. Rf4 Bxb2 24. Bxb2 Qxb2 25. Rd1 Re7 26. Qd5 Rae8 27. Kg2 Qe5 28. Qf3 Qe2 29. Qd5 Qe6 30. Qd2 Qc6+ 31. Kh2 Re2 32. Qd3 Qc7 33. Qd6 Qxd6 34. Rxd6 R8e7 35. a3 R2e6 36. Rd3 Re4 37. Rff3 Kg7 38. Kg3 g5 39. Rd6 Re1 40. Rf5 R7e5 41. Rff6 Re6 42. Rfxe6 Rxe6 43. Rd7 Rb6 44. Rd3 h6 45. f4 Rb1 46. fxg5 hxg5 47. Kf3 Kf6 48. Ke4 Ke6 49. Rf3 f6 50. Kd4 a5 51. Re3+ Kf7 52. Kc5 b5 53. Kb6 a4 54. Kc5 Rb3 55. Re4 Rxh3 56. Kxb5 Rxa3 57. Kb4 Rf3 58. Kc5 Rf4 59. Re3 Rxg4 60. Kd5 Rb4 61. Ra3 f5 62. Kc5 Re4 63. Kd5 Kf6 64. Rc3 Re5+ 65. Kd4 f4 66. Rc6+ Kf5 67. Ra6 f3 68. Ra8 Re4+ 69. Kd3 Rf4 0-1